[Event "XVII MetLife Najdorf Open 2017"]
[Site "Warsaw"]
[Date "2017.07.15"]
[Round "7"]
[White "Eggink, Ryszard"]
[Black "Kaczmarek, Aleksander"]
[Result "1/2-1/2"]
[WhiteElo "2322"]
[BlackElo "2380"]
[Annotator "RC"]
[PlyCount "54"]
[EventDate "2017.??.??"]
[EventType "swiss"]
[EventCountry "POL"]
[SourceTitle "playchess.com"]
[Source "ChessBase"]
[SourceQuality "1"]
[TimeControl "40/5400+30:1800+30"]

1. d4 {[%emt 0:00:00]} c5 {[%emt 0:00:03]} 2. d5 {[%emt 0:00:00]} e6 {[%emt 0:00:03]} 3. e4 {[%emt 0:00:00]} exd5 {[%emt 0:00:35]} 4. exd5 {[%emt 0:00:00]} d6 {[%emt 0:00:04]} 5. Bd3 {[%emt 0:00:13]} Ne7 {[%emt 0:08:46]} 6. c4 {[%emt 0:01:18]} Ng6 {[%emt 0:01:51]} 7. Nc3 {[%emt 0:06:45]} Be7 {[%emt 0:04:34]} 8. f4 {[%emt 0:06:00]} O-O {[%emt 0:02:54]} 9. Nge2 {[%emt 0:10:46]} Bh4+ {[%emt 0:08:02]} 10. g3 {[%emt 0:01:04]} Bf6 {[%emt 0:00:14]} 11. Be3 {[%emt 0:07:49]} Re8 {[%emt 0:06:05]} 12. Qd2 {[%emt 0:00:05]} Bg4 {[%emt 0:01:14]} 13. Kf2 {[%emt 0:05:29]} Qd7 {[%emt 0:07:26]} 14. Ne4 {[%emt 0:03:33]} Be7 {[%emt 0:00:14]} 15. Rhe1 {[%emt 0:06:00]} Na6 {[%emt 0:01:06]} 16. a3 {[%emt 0:01:30]} Nc7 {[%emt 0:04:40]} 17. b4 {[%emt 0:00:28]} f5 {[%emt 0:03:32]} 18. N4c3 {[%emt 0:02:07]} Na6 {[%emt 0:04:40]} 19. Bc2 {[%emt 0:06:59]} Qc8 {[%emt 0:01:45]} 20. b5 {[%emt 0:08:31]} Nb8 {[%emt 0:00:39]} 21. Ng1 {[%emt 0:01:42]} Bf6 {[%emt 0:01:43]} 22. h3 {[%emt 0:00:35]} Bh5 {[%emt 0:00:07]} 23. Qd3 {[%emt 0:02:07]} Ne7 {[%emt 0:01:47]} 24. Bc1 {[%emt 0:05:13]} Bd4+ {[%emt 0:04:01]} 25. Be3 {[%emt 0:00:32]} Bf6 {[%emt 0:00:04]} 26. Bc1 {[%emt 0:00:04]} Bd4+ {[%emt 0:00:17]} 27. Be3 {[%emt 0:00:06]} Bf6 {[%emt 0:01:55]} 1/2-1/2

[Event "XVII MetLife Najdorf Open 2017"]
[Site "Warsaw"]
[Date "2017.07.15"]
[Round "7"]
[White "Urazayev, Arystanbek"]
[Black "Noe, Christopher"]
[Result "0-1"]
[WhiteElo "2322"]
[BlackElo "2451"]
[Annotator "TA"]
[PlyCount "84"]
[EventDate "2017.??.??"]
[EventType "swiss"]
[EventCountry "POL"]
[SourceTitle "playchess.com"]
[Source "ChessBase"]
[SourceQuality "1"]

1. e4 {Program Activation Required} c5 2. Nf3 e6 3. g3 Nc6 4. Bg2 Nf6 5. Qe2 Be7 6. O-O d5 7. e5 Nd7 8. d3 O-O 9. Re1 {C00: French: Unusual White 2nd moves} (9. c4 Re8 10. Nc3 d4 11. Ne4 Ndxe5 12. Nxe5 Nxe5 13. Nxc5 Nc6 14. Ne4 e5 15. g4 f5 16. gxf5 Bxf5 17. Ng3 Bg6 {½-½ (26) Anand,V (2803)-Khairullin,I (2652) Berlin 2015}) 9... b5 10. h4 h6 11. Bf4 $146 ({NOTEXT:} 11. c3 a5 12. Bf4 Ba6 13. Nbd2 Qb6 {1-0 (24) Biti,O (2345)-Patarcic,D (2217) Bosnjaci 2016}) 11... Re8 12. h5 a5 13. Nbd2 Ba6 14. Nf1 b4 15. Ne3 Nd4 16. Nxd4 cxd4 17. Ng4 Bf8 18. a3 bxa3 19. bxa3 Qb6 20. Qd2 Qc5 21. Bf3 Rec8 22. Ra2 Rab8 23. Kg2 Kh7 24. Rh1 Rb7 25. Rh4 Rb1 26. Kh2 Rcb8 27. Kg2 R8b2 28. Rxb2 Rxb2 29. Bxh6 gxh6 30. Qf4 Qe7 31. Qxd4 Rxc2 32. Qa4 Bxd3 33. Qxd7 Qxd7 34. Nf6+ Kh8 35. Nxd7 Bxa3 36. Rf4 Rc7 37. Nf6 Rc4 38. Rg4 Rxg4 39. Nxg4 Bc1 40. Bd1 Bb5 41. f4 Kg7 42. f5 a4 0-1

[Event "XVII MetLife Najdorf Open 2017"]
[Site "Warsaw"]
[Date "2017.07.15"]
[Round "7"]
[White "Srinath, Rao S V"]
[Black "Mis, Mieszko"]
[Result "1/2-1/2"]
[WhiteElo "2321"]
[BlackElo "2137"]
[Annotator "NA RC"]
[PlyCount "263"]
[EventDate "2017.??.??"]
[EventType "swiss"]
[EventCountry "POL"]
[SourceTitle "playchess.com"]
[Source "ChessBase"]
[SourceQuality "1"]
[TimeControl "40/5400+30:1800+30"]

1. d4 Nf6 2. Bf4 d5 3. e3 c5 4. c3 Nc6 5. Nd2 e6 6. Bd3 Bd6 7. Bg3 O-O 8. Ngf3 b6 9. Ne5 Bb7 10. f4 Ne7 11. Qf3 Bc7 12. Bh4 Ne4 13. Nxe4 dxe4 14. Bxe4 Bxe4 15. Qxe4 Qd5 16. Qxd5 Nxd5 17. Ke2 cxd4 18. cxd4 Bxe5 19. fxe5 f5 20. exf6 gxf6 21. Bg3 f5 22. Bd6 Rfd8 23. Be5 Rac8 24. Rac1 h5 25. a3 Kf7 26. Rhf1 Kg6 27. Kd3 a5 28. e4 fxe4+ 29. Kxe4 a4 30. Kd3 b5 31. Rxc8 Rxc8 32. Bd6 Nb6 33. Be7 Nd5 34. Bc5 Nf6 35. Re1 Rc6 36. h3 Nd7 37. Bb4 Kf5 38. Rf1+ Kg6 39. Bc3 Rd6 40. Ke4 Rd5 41. Ba5 Nf6+ 42. Ke3 e5 43. Bc3 e4 44. Be1 Rf5 45. Rf2 Rxf2 46. Bxf2 Kf5 47. Bg3 Nd5+ 48. Ke2 Nb6 49. Be1 Nc4 50. Bc3 Nb6 51. g3 Nd5 52. Ba5 Kg6 53. Bd8 Kf5 54. Kd2 Kg6 55. g4 hxg4 56. hxg4 Kf7 57. Ke2 Kg6 58. Kf2 Kf7 59. Ba5 Kg6 60. Kg3 Kh6 61. Bd2+ Kg6 62. Be1 Kg5 63. Ba5 Kf6 64. Kh4 Kg6 65. Bd2 Nb6 66. Bc3 Nd5 67. Ba5 Nf4 68. Bc3 Nd5 69. Bd2 Nb6 70. g5 Nc4 71. Bc3 e3 72. d5 e2 73. Kg4 Ne3+ 74. Kf3 Nxd5 75. Kxe2 Kxg5 76. Kd3 Kf5 77. Kd4 Ke6 78. Kc5 Ne3 79. Kxb5 Nd1 80. Kc6 Ke7 81. Kc7 Ke6 82. Kc6 Ke7 83. Be5 Nxb2 84. Bxb2 Kd8 85. Be5 Kc8 86. Bf4 Kd8 87. Kb7 Kd7 88. Bc7 Ke8 89. Kc8 Ke7 90. Bg3 Ke6 91. Kc7 Ke7 92. Bd6+ Kf7 93. Kd7 Kf6 94. Bg3 Kf7 95. Bh4 Kf8 96. Bg5 Kf7 97. Be7 Kg8 98. Ke6 Kg7 99. Bd6 Kg8 100. Kf6 Kh8 101. Kf7 Kh7 102. Be5 Kh6 103. Kg8 Kg6 104. Bg7 Kf5 105. Kf7 Kg5 106. Bf6+ Kf5 107. Ke7 Kg6 108. Ke6 Kh7 109. Be5 Kg6 110. Bh2 Kg7 111. Ke7 Kg6 112. Kf8 Kf6 113. Ke8 Ke6 114. Kd8 Kf6 115. Kd7 Kf7 116. Bd6 Kf6 117. Be7+ Kf7 118. Bb4 Kf6 119. Ke8 Ke6 120. Be7 Kd5 121. Kd7 Ke5 122. Bh4 Kd5 123. Bg3 Kc5 124. Kc7 Kd5 125. Kd7 Kc5 126. Bc7 Kb5 127. Kc8 Kc6 128. Bg3 Kb6 129. Bb8 Kc6 130. Bc7 Kd5 131. Kb7 Ke6 132. Kc6 1/2-1/2

[Event "XVII MetLife Najdorf Open 2017"]
[Site "Warsaw"]
[Date "2017.07.15"]
[Round "7"]
[White "Hacker, Jonas"]
[Black "Priyanka Nutakki"]
[Result "1/2-1/2"]
[WhiteElo "2297"]
[BlackElo "2104"]
[Annotator "NA RC"]
[PlyCount "117"]
[EventDate "2017.??.??"]
[EventType "swiss"]
[EventCountry "POL"]
[SourceTitle "playchess.com"]
[Source "ChessBase"]
[SourceQuality "1"]
[TimeControl "40/5400+30:1800+30"]

1. e4 {[%emt 0:00:00]} c5 {[%emt 0:00:09]} 2. Nf3 {[%emt 0:00:00]} d6 {[%emt 0:00:07]} 3. d4 {[%emt 0:00:09]} cxd4 {[%emt 0:00:10]} 4. Nxd4 {[%emt 0:00:08]} Nf6 {[%emt 0:00:06]} 5. Nc3 {[%emt 0:00:41]} a6 {[%emt 0:00:05]} 6. Bg5 {[%emt 0:00:07]} Nbd7 {[%emt 0:00:13]} 7. Qe2 {[%emt 0:00:32]} e6 {[%emt 0:00:48]} 8. O-O-O {[%emt 0:01:38]} Qc7 {[%emt 0:04:29]} 9. f4 {[%emt 0:06:34]} h6 {[%emt 0:02:43]} 10. Bh4 {[%emt 0:07:22]} Be7 {[%emt 0:02:45]} 11. Bf2 {[%emt 0:04:52]} b5 {[%emt 0:03:17]} 12. a3 {[%emt 0:00:27]} Bb7 {[%emt 0:01:12]} 13. g4 {[%emt 0:02:12]} g5 {[%emt 0:06:57]} 14. f5 {[%emt 0:04:49]} e5 {[%emt 0:01:04]} 15. Nb3 {[%emt 0:00:54]} Rc8 {[%emt 0:10:48]} 16. Bg2 {[%emt 0:07:59]} Nb6 {[%emt 0:02:24]} 17. Rd3 {[%emt 0:06:03]} Nc4 {[%emt 0:04:57]} 18. Bf3 {[%emt 0:12:30]} Bc6 {[%emt 0:04:40]} 19. Nd2 {[%emt 0:10:59]} Nxd2 {[%emt 0:01:46]} 20. Rxd2 {[%emt 0:02:37]} Qb7 {[%emt 0:02:16]} 21. h4 {[%emt 0:06:22]} Rg8 {[%emt 0:01:43]} 22. hxg5 {[%emt 0:01:16]} hxg5 {[%emt 0:00:11]} 23. Rh6 {[%emt 0:04:02]} Qb8 {[%emt 0:13:21]} 24. Qe3 {[%emt 0:06:08]} a5 {[%emt 0:06:34]} 25. b4 {[%emt 0:01:24]} axb4 26. axb4 {[%emt 0:00:02]} Qa8 {[%emt 0:06:36]} 27. Qa7 {[%emt 0:00:49]} Qxa7 {[%emt 0:04:19]} 28. Bxa7 {[%emt 0:00:02]} Ra8 {[%emt 0:10:32]} 29. Be3 {[%emt 0:00:47]} Rc8 {[%emt 0:00:48]} 30. Kb2 {[%emt 0:00:49]} Kf8 {[%emt 0:05:44]} 31. Rd1 {[%emt 0:02:57]} Ke8 {[%emt 0:01:59]} 32. Ra1 {[%emt 0:02:29]} Kd7 {[%emt 0:00:29]} 33. Ra7+ {[%emt 0:01:55]} Rc7 {[%emt 0:00:09]} 34. Ra5 {[%emt 0:00:46]} Rb7 {[%emt 0:00:29]} 35. Ra1 {[%emt 0:01:06]} Rc7 {[%emt 0:01:24]} 36. Bb6 {[%emt 0:01:15]} Rb7 {[%emt 0:00:09]} 37. Be3 {[%emt 0:00:05]} Rc7 {[%emt 0:00:03]} 38. Rah1 {[%emt 0:03:05]} Rcc8 {[%emt 0:00:38]} 39. Kb3 {[%emt 0:00:31]} Rc7 {[%emt 0:01:45]} 40. Rh8 {[%emt 0:00:00]} Rcc8 {[%emt 0:01:39]} 41. R8h6 {[%emt 0:06:13]} Rc7 {[%emt 0:02:37]} 42. Rd1 {[%emt 0:02:49]} Ke8 {[%emt 0:00:12]} 43. Be2 {[%emt 0:04:06]} Nxe4 {[%emt 0:04:58]} 44. Nxe4 {[%emt 0:01:39]} Bxe4 {[%emt 0:00:03]} 45. Bxb5+ {[%emt 0:00:09]} Kf8 {[%emt 0:00:47]} 46. c4 {[%emt 0:04:00]} Kg7 {[%emt 0:07:25]} 47. Rh5 {[%emt 0:01:33]} Rb8 {[%emt 0:00:31]} 48. Rd2 {[%emt 0:07:08]} d5 {[%emt 0:01:56]} 49. Rdh2 {[%emt 0:01:17]} dxc4+ {[%emt 0:00:30]} 50. Kc3 {[%emt 0:01:27]} Bxf5 {[%emt 0:04:28]} 51. gxf5 {[%emt 0:00:53]} Rxb5 {[%emt 0:00:04]} 52. Rh7+ {[%emt 0:03:10]} Kf6 {[%emt 0:06:19]} 53. R2h6+ {[%emt 0:00:52]} Kxf5 {[%emt 0:01:57]} 54. Rxf7+ {[%emt 0:00:06]} Ke4 {[%emt 0:00:23]} 55. Bc5 {[%emt 0:00:21]} Rbb7 {[%emt 0:00:51]} 56. Bxe7 {[%emt 0:01:27]} Rxe7 {[%emt 0:00:01]} 57. Rf1 {[%emt 0:00:09]} g4 {[%emt 0:03:19]} 58. Rhf6 {[%emt 0:00:24]} Rh7 {[%emt 0:02:10]} 59. Re1+ {[%emt 0:00:51]} 1/2-1/2

[Event "XVII MetLife Najdorf Open 2017"]
[Site "Warsaw"]
[Date "2017.07.15"]
[Round "7"]
[White "Rahul Srivatshav P"]
[Black "Kosakowski, Jakub"]
[Result "1/2-1/2"]
[WhiteElo "2295"]
[BlackElo "2366"]
[Annotator "NA RC"]
[PlyCount "88"]
[EventDate "2017.??.??"]
[EventType "swiss"]
[EventCountry "POL"]
[SourceTitle "playchess.com"]
[Source "ChessBase"]
[SourceQuality "1"]
[TimeControl "40/5400+30:1800+30"]

1. d4 {[%emt 0:00:00]} Nf6 {[%emt 0:00:15]} 2. c4 {[%emt 0:00:08]} g6 {[%emt 0:00:09]} 3. Nc3 {[%emt 0:00:33]} Bg7 {[%emt 0:00:10]} 4. e4 {[%emt 0:01:05]} d6 {[%emt 0:00:09]} 5. Nf3 {[%emt 0:02:52]} O-O {[%emt 0:00:16]} 6. Be2 {[%emt 0:00:34]} e5 {[%emt 0:00:16]} 7. O-O {[%emt 0:02:18]} Nc6 {[%emt 0:00:12]} 8. d5 {[%emt 0:00:40]} Ne7 {[%emt 0:00:03]} 9. b4 {[%emt 0:00:21]} a5 {[%emt 0:00:43]} 10. Ba3 {[%emt 0:00:41]} axb4 {[%emt 0:00:34]} 11. Bxb4 {[%emt 0:00:18]} Re8 {[%emt 0:00:08]} 12. c5 {[%emt 0:09:26]} dxc5 {[%emt 0:00:23]} 13. Bxc5 {[%emt 0:00:40]} c6 {[%emt 0:00:15]} 14. Qb3 {[%emt 0:24:42]} cxd5 {[%emt 0:04:51]} 15. exd5 {[%emt 0:03:01]} Nf5 {[%emt 0:15:20]} 16. Rad1 {[%emt 0:08:51]} e4 {[%emt 0:02:38]} 17. Ng5 {[%emt 0:05:25]} Nd7 {[%emt 0:04:09]} 18. Ne6 {[%emt 0:00:32]} Nxc5 {[%emt 0:04:19]} 19. Nxc5 {[%emt 0:00:28]} Nd4 {[%emt 0:12:03]} 20. Qb4 {[%emt 0:03:46]} Nxe2+ {[%emt 0:05:42]} 21. Nxe2 {[%emt 0:00:11]} Qd6 {[%emt 0:01:54]} 22. Nc3 {[%emt 0:06:29]} Bf8 {[%emt 0:16:46]} 23. Qb5 {[%emt 0:02:15]} Bf5 {[%emt 0:01:49]} 24. Nxb7 {[%emt 0:08:14]} Qb4 {[%emt 0:06:51]} 25. Qxb4 {[%emt 0:03:02]} Bxb4 {[%emt 0:01:04]} 26. Nb5 {[%emt 0:00:17]} Reb8 {[%emt 0:01:21]} 27. N5d6 {[%emt 0:02:33]} Rxa2 {[%emt 0:05:26]} 28. Rb1 {[%emt 0:03:30]} Bxd6 {[%emt 0:03:17]} 29. Nxd6 {[%emt 0:00:10]} Rxb1 {[%emt 0:00:21]} 30. Rxb1 {[%emt 0:00:06]} Rd2 {[%emt 0:00:05]} 31. Nxf5 {[%emt 0:03:07]} gxf5 {[%emt 0:00:03]} 32. Re1 {[%emt 0:01:29]} Kg7 {[%emt 0:00:57]} 33. f3 {[%emt 0:03:39]} Rxd5 {[%emt 0:01:07]} 34. fxe4 {[%emt 0:00:29]} Re5 {[%emt 0:00:02]} 35. Kf2 {[%emt 0:00:24]} fxe4 {[%emt 0:00:12]} 36. g4 {[%emt 0:01:08]} Kg6 {[%emt 0:00:25]} 37. Kg3 {[%emt 0:00:37]} e3 {[%emt 0:01:32]} 38. Kf4 {[%emt 0:00:50]} Re8 {[%emt 0:00:13]} 39. Re2 {[%emt 0:00:27]} h6 {[%emt 0:04:06]} 40. h4 {[%emt 0:00:00]} h5 {[%emt 0:00:15]} 41. gxh5+ {[%emt 0:03:15]} Kxh5 {[%emt 0:00:01]} 42. Rxe3 {[%emt 0:00:06]} Rxe3 {[%emt 0:00:08]} 43. Kxe3 {[%emt 0:00:13]} Kg4 {[%emt 0:00:02]} 44. h5 {[%emt 0:00:17]} Kxh5 {[%emt 0:00:24]} 1/2-1/2

[Event "XVII MetLife Najdorf Open 2017"]
[Site "Warsaw"]
[Date "2017.07.15"]
[Round "7"]
[White "Villegas, Pierre"]
[Black "Nurkiewicz, Maciej"]
[Result "0-1"]
[WhiteElo "2295"]
[BlackElo "2373"]
[Annotator "NA RC"]
[PlyCount "116"]
[EventDate "2017.??.??"]
[EventType "swiss"]
[EventCountry "POL"]
[SourceTitle "playchess.com"]
[Source "ChessBase"]
[SourceQuality "1"]
[TimeControl "40/5400+30:1800+30"]

1. c4 {[%emt 0:00:00]} c5 {[%emt 0:05:13]} 2. g3 {[%emt 0:00:17]} Nc6 {[%emt 0:01:02]} 3. Bg2 {[%emt 0:00:40]} g6 {[%emt 0:01:20]} 4. Nc3 {[%emt 0:00:29]} Bg7 {[%emt 0:00:12]} 5. Nf3 {[%emt 0:00:27]} e5 {[%emt 0:02:10]} 6. O-O {[%emt 0:01:12]} Nge7 {[%emt 0:00:13]} 7. a3 {[%emt 0:01:25]} O-O {[%emt 0:00:40]} 8. Rb1 {[%emt 0:02:23]} f5 {[%emt 0:14:22]} 9. Ne1 {[%emt 0:06:52]} d6 {[%emt 0:07:08]} 10. Nc2 {[%emt 0:06:53]} Be6 {[%emt 0:07:31]} 11. d3 {[%emt 0:09:10]} d5 {[%emt 0:05:12]} 12. cxd5 {[%emt 0:00:55]} Nxd5 {[%emt 0:00:03]} 13. Ne3 {[%emt 0:09:01]} Nde7 {[%emt 0:06:28]} 14. Bd2 {[%emt 0:02:36]} a6 {[%emt 0:04:38]} 15. Na4 {[%emt 0:05:01]} b6 {[%emt 0:03:05]} 16. b4 {[%emt 0:01:11]} cxb4 {[%emt 0:00:27]} 17. Bxb4 {[%emt 0:07:28]} Rb8 {[%emt 0:02:20]} 18. Nc4 {[%emt 0:07:28]} Nxb4 {[%emt 0:07:06]} 19. Rxb4 {[%emt 0:04:52]} b5 {[%emt 0:03:20]} 20. Nc5 {[%emt 0:00:07]} Bd5 {[%emt 0:00:59]} 21. Ne3 {[%emt 0:00:33]} Bxg2 {[%emt 0:06:39]} 22. Kxg2 {[%emt 0:00:58]} Qd6 {[%emt 0:10:35]} 23. Qc2 {[%emt 0:10:34]} Rfc8 {[%emt 0:03:23]} 24. Qa2+ {[%emt 0:00:32]} Kh8 {[%emt 0:00:21]} 25. Nb3 {[%emt 0:00:06]} Nd5 {[%emt 0:01:30]} 26. Nxd5 {[%emt 0:03:25]} Qxd5+ {[%emt 0:00:02]} 27. e4 {[%emt 0:00:37]} Qxd3 {[%emt 0:00:37]} 28. Nc1 {[%emt 0:00:11]} Qc2 {[%emt 0:01:53]} 29. Qd5 {[%emt 0:01:18]} Rd8 {[%emt 0:01:10]} 30. Qb3 {[%emt 0:00:22]} Qc6 {[%emt 0:01:34]} 31. Qe3 {[%emt 0:01:13]} a5 {[%emt 0:00:31]} 32. Rb2 {[%emt 0:00:13]} Qxe4+ {[%emt 0:00:55]} 33. Qxe4 {[%emt 0:00:05]} fxe4 {[%emt 0:00:01]} 34. Re1 {[%emt 0:00:35]} Rd4 {[%emt 0:01:03]} 35. Nb3 {[%emt 0:00:19]} Ra4 {[%emt 0:00:06]} 36. Nc5 {[%emt 0:00:09]} Rxa3 {[%emt 0:00:09]} 37. Nd7 {[%emt 0:00:09]} Rb7 {[%emt 0:02:20]} 38. Nc5 {[%emt 0:00:12]} Rb8 {[%emt 0:01:07]} 39. Nd7 {[%emt 0:00:07]} Rd8 {[%emt 0:01:05]} 40. Rxb5 {[%emt 0:00:00]} Rxd7 {[%emt 0:00:15]} 41. Rb8+ {[%emt 0:00:20]} Bf8 {[%emt 0:00:04]} 42. Rxf8+ {[%emt 0:00:07]} Kg7 {[%emt 0:00:02]} 43. Re8 {[%emt 0:01:57]} Ra2 {[%emt 0:01:21]} 44. Rxe5 {[%emt 0:04:43]} Rdd2 {[%emt 0:00:12]} 45. R1xe4 {[%emt 0:01:59]} Rxf2+ {[%emt 0:00:13]} 46. Kh3 {[%emt 0:00:21]} Rxh2+ {[%emt 0:11:06]} 47. Kg4 {[%emt 0:00:04]} Rhf2 {[%emt 0:00:11]} 48. Re7+ {[%emt 0:01:44]} Rf7 {[%emt 0:00:03]} 49. Rxf7+ {[%emt 0:02:10]} Kxf7 {[%emt 0:00:02]} 50. Rc4 {[%emt 0:00:17]} Rh2 {[%emt 0:07:15]} 51. Rc7+ {[%emt 0:03:17]} Ke6 {[%emt 0:00:12]} 52. Ra7 {[%emt 0:00:06]} Rh5 {[%emt 0:01:10]} 53. Kf3 {[%emt 0:04:28]} Rf5+ {[%emt 0:04:08]} 54. Kg2 {[%emt 0:03:49]} h5 {[%emt 0:00:11]} 55. Ra6+ {[%emt 0:00:26]} Kf7 {[%emt 0:00:10]} 56. Kh3 {[%emt 0:00:18]} Rg5 {[%emt 0:00:40]} 57. g4 {[%emt 0:02:14]} Rxg4 {[%emt 0:01:08]} 58. Rxa5 {[%emt 0:00:07]} Re4 {[%emt 0:00:11]} 0-1

[Event "XVII MetLife Najdorf Open 2017"]
[Site "Warsaw"]
[Date "2017.07.15"]
[Round "7"]
[White "Winiarski, Mikolaj"]
[Black "Konguvel, Ponnuswamy"]
[Result "0-1"]
[WhiteElo "2295"]
[BlackElo "2388"]
[Annotator "NA RC"]
[PlyCount "42"]
[EventDate "2017.??.??"]
[EventType "swiss"]
[EventCountry "POL"]
[SourceTitle "playchess.com"]
[Source "ChessBase"]
[SourceQuality "1"]
[TimeControl "40/5400+30:1800+30"]

1. e4 {[%emt 0:00:00]} g6 {[%emt 0:01:33]} 2. d4 {[%emt 0:01:24]} Bg7 {[%emt 0:00:08]} 3. Nc3 {[%emt 0:00:07]} d6 {[%emt 0:00:13]} 4. Be3 {[%emt 0:00:12]} a6 {[%emt 0:00:14]} 5. a4 {[%emt 0:00:10]} Nf6 {[%emt 0:01:10]} 6. h3 {[%emt 0:00:27]} O-O {[%emt 0:02:51]} 7. Nf3 {[%emt 0:21:39]} Nc6 {[%emt 0:06:49]} 8. Be2 {[%emt 0:09:11]} e5 {[%emt 0:12:26]} 9. d5 {[%emt 0:09:09]} Ne7 {[%emt 0:00:36]} 10. g4 {[%emt 0:00:26]} c6 {[%emt 0:10:02]} 11. g5 {[%emt 0:13:37]} Nh5 {[%emt 0:08:56]} 12. Qd2 {[%emt 0:03:19]} cxd5 {[%emt 0:00:50]} 13. Nxd5 {[%emt 0:01:46]} Nxd5 {[%emt 0:01:00]} 14. exd5 {[%emt 0:00:06]} Bd7 {[%emt 0:11:53]} 15. a5 {[%emt 0:00:58]} Rc8 {[%emt 0:00:32]} 16. O-O-O {[%emt 0:10:59]} Bf5 {[%emt 0:04:25]} 17. Ne1 {[%emt 0:01:28]} Nf4 {[%emt 0:00:18]} 18. Bxf4 {[%emt 0:18:57]} exf4 {[%emt 0:00:11]} 19. h4 {[%emt 0:00:27]} Rc5 {[%emt 0:06:49]} 20. Qxf4 {[%emt 0:00:23]} Qxa5 {[%emt 0:00:59]} 21. Kb1 {[%emt 0:00:13]} Bxb2 {[%emt 0:01:00]} 0-1

[Event "XVII MetLife Najdorf Open 2017"]
[Site "Warsaw"]
[Date "2017.07.15"]
[Round "7"]
[White "Heinemann, Josefine"]
[Black "Deszczynski, Adam"]
[Result "1/2-1/2"]
[WhiteElo "2294"]
[BlackElo "2380"]
[Annotator "NA RC"]
[PlyCount "101"]
[EventDate "2017.??.??"]
[EventType "swiss"]
[EventCountry "POL"]
[SourceTitle "playchess.com"]
[Source "ChessBase"]
[SourceQuality "1"]
[TimeControl "40/5400+30:1800+30"]

1. e4 {[%emt 0:00:00]} g6 {[%emt 0:02:24]} 2. d4 {[%emt 0:00:00]} Bg7 {[%emt 0:00:08]} 3. Nc3 {[%emt 0:00:00]} d6 {[%emt 0:01:16]} 4. Be3 {[%emt 0:00:00]} a6 {[%emt 0:01:23]} 5. Qd2 {[%emt 0:02:09]} b5 {[%emt 0:05:39]} 6. f3 {[%emt 0:00:21]} Nd7 {[%emt 0:02:14]} 7. g4 {[%emt 0:04:13]} e5 {[%emt 0:08:48]} 8. Nge2 {[%emt 0:04:32]} h5 {[%emt 0:04:53]} 9. gxh5 {[%emt 0:03:56]} Rxh5 {[%emt 0:01:47]} 10. Ng3 {[%emt 0:00:06]} Rh7 {[%emt 0:01:43]} 11. O-O-O {[%emt 0:00:13]} Ngf6 {[%emt 0:02:01]} 12. Kb1 {[%emt 0:05:48]} Bb7 {[%emt 0:03:42]} 13. a3 {[%emt 0:10:53]} Nh5 {[%emt 0:17:38]} 14. Nxh5 {[%emt 0:03:57]} Rxh5 {[%emt 0:00:04]} 15. f4 {[%emt 0:00:18]} exf4 {[%emt 0:16:32]} 16. Bxf4 {[%emt 0:03:09]} Qe7 {[%emt 0:01:07]} 17. Bg2 {[%emt 0:01:42]} O-O-O {[%emt 0:01:55]} 18. Rhe1 {[%emt 0:09:01]} Nb6 {[%emt 0:04:50]} 19. Qd3 {[%emt 0:02:53]} Qd7 {[%emt 0:07:05]} 20. Bf3 {[%emt 0:04:09]} Rhh8 {[%emt 0:00:44]} 21. Bg3 {[%emt 0:00:33]} f5 {[%emt 0:01:59]} 22. Qe2 {[%emt 0:03:15]} Rde8 {[%emt 0:03:00]} 23. Qg2 {[%emt 0:05:20]} Kb8 {[%emt 0:01:39]} 24. exf5 {[%emt 0:06:17]} Bxf3 {[%emt 0:01:24]} 25. Qxf3 {[%emt 0:00:04]} Qxf5 {[%emt 0:00:30]} 26. Qc6 {[%emt 0:01:39]} Qd7 {[%emt 0:00:36]} 27. Qxd7 {[%emt 0:01:30]} Nxd7 {[%emt 0:00:02]} 28. a4 {[%emt 0:00:15]} Rxe1 {[%emt 0:02:34]} 29. Bxe1 {[%emt 0:00:16]} Rh5 {[%emt 0:00:24]} 30. axb5 {[%emt 0:00:17]} axb5 {[%emt 0:00:03]} 31. Bg3 {[%emt 0:00:30]} Nb6 {[%emt 0:01:39]} 32. Ne2 {[%emt 0:00:59]} Nd5 {[%emt 0:00:58]} 33. Rf1 {[%emt 0:01:52]} Rf5 {[%emt 0:00:23]} 34. Rf2 {[%emt 0:04:35]} Kc8 {[%emt 0:02:10]} 35. c3 {[%emt 0:00:24]} Rxf2 {[%emt 0:00:44]} 36. Bxf2 {[%emt 0:00:04]} Kd7 {[%emt 0:00:11]} 37. Kc2 {[%emt 0:01:23]} Ke6 {[%emt 0:00:09]} 38. Ng3 {[%emt 0:00:57]} Bh6 {[%emt 0:00:42]} 39. b3 {[%emt 0:02:17]} Bf4 {[%emt 0:02:33]} 40. c4 {[%emt 0:00:00]} bxc4 {[%emt 0:01:12]} 41. bxc4 {[%emt 0:03:08]} Nf6 {[%emt 0:08:06]} 42. d5+ {[%emt 0:01:55]} Ke5 {[%emt 0:03:15]} 43. Kd3 {[%emt 0:00:08]} Bxg3 {[%emt 0:00:24]} 44. Bxg3+ {[%emt 0:00:11]} Kf5 {[%emt 0:00:50]} 45. Kd4 {[%emt 0:03:04]} Ne4 {[%emt 0:07:57]} 46. Be1 {[%emt 0:00:11]} Nc5 {[%emt 0:04:19]} 47. Bb4 {[%emt 0:00:49]} Na6 {[%emt 0:01:02]} 48. Ba5 {[%emt 0:03:41]} g5 {[%emt 0:01:16]} 49. h3 {[%emt 0:01:07]} Kf4 {[%emt 0:00:29]} 50. Bd2+ {[%emt 0:00:04]} Kf5 {[%emt 0:00:21]} 51. Ba5 {[%emt 0:00:04]} 1/2-1/2

[Event "XVII MetLife Najdorf Open 2017"]
[Site "Warsaw"]
[Date "2017.07.15"]
[Round "7"]
[White "Niekras, Dawid"]
[Black "Nowak, Kamil"]
[Result "1/2-1/2"]
[WhiteElo "2291"]
[BlackElo "2362"]
[Annotator "NA RC"]
[PlyCount "48"]
[EventDate "2017.??.??"]
[EventType "swiss"]
[EventCountry "POL"]
[SourceTitle "playchess.com"]
[Source "ChessBase"]
[SourceQuality "1"]
[TimeControl "40/5400+30:1800+30"]

1. e4 {[%emt 0:00:00]} e6 {[%emt 0:00:06]} 2. d4 {[%emt 0:00:00]} d5 {[%emt 0:00:05]} 3. Nc3 {[%emt 0:00:00]} Bb4 {[%emt 0:00:05]} 4. Nge2 {[%emt 0:00:00]} dxe4 {[%emt 0:04:34]} 5. a3 {[%emt 0:00:00]} Be7 {[%emt 0:00:45]} 6. Nxe4 {[%emt 0:00:27]} Nf6 {[%emt 0:03:25]} 7. Nxf6+ {[%emt 0:13:44]} Bxf6 {[%emt 0:00:13]} 8. Be3 {[%emt 0:00:07]} O-O {[%emt 0:12:17]} 9. c3 {[%emt 0:11:06]} Nd7 {[%emt 0:01:41]} 10. g3 {[%emt 0:13:01]} e5 {[%emt 0:05:49]} 11. Bg2 {[%emt 0:04:49]} exd4 {[%emt 0:02:49]} 12. Nxd4 {[%emt 0:00:38]} Ne5 {[%emt 0:00:31]} 13. O-O {[%emt 0:03:04]} Nc4 {[%emt 0:00:49]} 14. Bf4 {[%emt 0:12:09]} Nxb2 {[%emt 0:06:49]} 15. Qc2 {[%emt 0:11:37]} c5 {[%emt 0:01:53]} 16. Nb5 {[%emt 0:02:17]} Nd3 {[%emt 0:00:11]} 17. Rad1 {[%emt 0:01:58]} c4 {[%emt 0:01:32]} 18. Nc7 {[%emt 0:03:53]} Bg4 {[%emt 0:06:18]} 19. Nxa8 {[%emt 0:07:51]} Bxd1 {[%emt 0:00:55]} 20. Rxd1 {[%emt 0:00:06]} Qxa8 {[%emt 0:00:03]} 21. Be3 {[%emt 0:00:06]} Qb8 {[%emt 0:08:08]} 22. Be4 {[%emt 0:02:27]} Rd8 {[%emt 0:00:40]} 23. Bxd3 {[%emt 0:00:28]} cxd3 {[%emt 0:00:07]} 24. Rxd3 {[%emt 0:00:05]} a6 {[%emt 0:00:45]} 1/2-1/2